000 00526nam a22001817a 4500
003 CEME
005 20210628204038.0
008 210107b xxu||||| |||| 00| 0 eng d
020 _a9788184871425
040 _cceme
082 _a530.01515 BOS
100 _aBose, Sujit K, Chattoraj, Debidas, Pratihar, Dilip K
_968418
245 _aAnalytical engineering mechanics
260 _aINDIA
_bNAROSA
_c2012
300 _aXIV, 633P
650 _aENGINEERING MECHANICS.ENGINEERING MECHANICS-ANALYTICAL
_968419
942 _cBK
_2ddc
999 _c576003
_d576003